Pediatric Nursing (Record no. 157605)

MARC details
000 -LEADER
fixed length control field 00329nam a2200133Ia 4500
008 - FIXED-LENGTH DATA ELEMENTS--GENERAL INFORMATION
fixed length control field 230411s9999 xx 000 0 und d
041 ## - LANGUAGE CODE
Language code of text/sound track or separate title eng
082 ## - DEWEY DECIMAL CLASSIFICATION NUMBER
Classification number P/610.7362/JAC/B07483
100 ## - MAIN ENTRY--PERSONAL NAME
Personal name Jacob Annamma
245 ## - TITLE STATEMENT
Title Pediatric Nursing
260 ## - PUBLICATION, DISTRIBUTION, ETC. (IMPRINT)
Name of publisher, distributor, etc. N R Brothers
Place of publication, distribution, etc. Indore
Date of publication, distribution, etc. 2008
300 ## - PHYSICAL DESCRIPTION
Extent 562p
Holdings
Withdrawn status Lost status Damaged status Not for loan Collection code Home library Current library Date acquired Vendor Cost, normal purchase price Bill number Total Checkouts Full call number Barcode Date last seen Date last checked out Cost, replacement price Bill Date Koha item type Original Barcode
          Smt. Bakul Tambat Institute of Nursing Education Smt. Bakul Tambat Institute of Nursing Education 20/03/2013 B.J.Medical Co-oprative College Stores 240.00 5530 3 P 610.7362 JAC B07483 BTIN-BK-7483 25/06/2025 13/06/2025 199.00 20/03/2013 Books B07483